000 00593nam a2200241Ia 4500
003 OSt
005 20220924143925.0
006 a|||||r|||| 00| 0
007 ta
008 220923b |||||||| |||| 00| 0 urd d
020 _c250.00
024 _a310968
037 _cTextual
040 _aARTS
_cARTS
_burd
041 _2urd
_aurd
082 _aO168,1x, P0
100 _aSyed Basharath Ali
245 0 _aAsri hindustani shairi
260 _c2000
650 _aURDU LITERATURE
942 _hO168,1x, P0
_cTEXL
_2CC
999 _c455810
_d455810